[Event "Figueira da Foz 2009"]
[Site "Figueira da Foz"]
[Date "2009.12.01"]
[Round "3.1"]
[White "Romanishin, Oleg"]
[Black "Kasparov, Sergei"]
[Result "1/2-1/2"]
[WhiteElo "2510"]
[BlackElo "2483"]
[PlyCount "61"]
[EventDate "2009.??.??"]

1. Nf3 Nf6 2. g3 b5 3. Bg2 Bb7 4. O-O e6 5. d3 Be7 6. e4 d6 7. Na3 a6 8. c4 c6
9. Re1 Nbd7 10. d4 e5 11. c5 O-O 12. Nc2 Re8 13. dxe5 Nxe5 14. Nxe5 dxe5 15. b4
a5 16. a3 axb4 17. axb4 Rxa1 18. Nxa1 Qc7 19. Bb2 Bc8 20. Nc2 Be6 21. Qa1 Nd7
22. Ne3 Bg5 23. h4 Bh6 24. Bc3 g6 25. Qa6 Qc8 26. Qa3 Qb7 27. Bb2 f6 28. Ra1
Nf8 29. Bf3 Rd8 30. Kg2 Qc8 31. Rd1 1/2-1/2

[Event "Figueira da Foz 2009"]
[Site "Figueira da Foz"]
[Date "2009.12.01"]
[Round "3.2"]
[White "Petkov, Vladimir"]
[Black "Todorov, Todor"]
[Result "1/2-1/2"]
[WhiteElo "2477"]
[BlackElo "2496"]
[PlyCount "25"]
[EventDate "2009.??.??"]

1. d4 e6 2. Nf3 f5 3. Bf4 Nf6 4. e3 b6 5. h3 Bb7 6. Bd3 g6 7. Nbd2 Bg7 8. Qe2
Nc6 9. c3 O-O 10. O-O Ne7 11. Ba6 Bxa6 12. Qxa6 Qc8 13. Qxc8 1/2-1/2

[Event "Figueira da Foz 2009"]
[Site "Figueira da Foz"]
[Date "2009.12.01"]
[Round "3.3"]
[White "Campora, Daniel"]
[Black "Dias, Paulo"]
[Result "1/2-1/2"]
[WhiteElo "2488"]
[BlackElo "2391"]
[PlyCount "89"]
[EventDate "2009.??.??"]

1. e4 e5 2. Nf3 Nc6 3. Bc4 Nf6 4. d3 Bc5 5. O-O a6 6. Nc3 d6 7. Bg5 h6 8. Bxf6
Qxf6 9. Nd5 Qd8 10. c3 O-O 11. d4 Ba7 12. h3 exd4 13. cxd4 Ne7 14. Re1 c6 15.
Nxe7+ Qxe7 16. Qd2 Bd7 17. Rad1 Rad8 18. Qf4 Rfe8 19. Bb3 Bc8 20. a3 c5 21. e5
cxd4 22. exd6 Qf6 23. Rxe8+ Rxe8 24. Qxf6 gxf6 25. Nxd4 Rd8 26. Ne2 Bb8 27. Nc3
Rxd6 28. Bd5 Kg7 29. Kf1 Rd8 30. Bf3 Rxd1+ 31. Nxd1 Be5 32. Ke2 b6 33. Bc6 f5
34. Kd3 Be6 35. b4 Kf6 36. Nc3 Bxc3 37. Kxc3 Ke5 38. Bb7 a5 39. bxa5 bxa5 40.
Kd3 f4 41. Bf3 f6 42. h4 Bf7 43. Kc3 Be6 44. Bb7 Bf7 45. Bf3 1/2-1/2

[Event "Figueira da Foz 2009"]
[Site "Figueira da Foz"]
[Date "2009.12.01"]
[Round "3.5"]
[White "Diogo, Vasco"]
[Black "Spragget, Kevin"]
[Result "1/2-1/2"]
[WhiteElo "2316"]
[BlackElo "2594"]
[PlyCount "48"]
[EventDate "2009.??.??"]

1. e4 Nf6 2. e5 Nd5 3. Nc3 Nxc3 4. dxc3 d5 5. Nf3 c5 6. Bf4 Nc6 7. c4 e6 8. Qd2
Be7 9. Bd3 h6 10. h4 a6 11. h5 Nb4 12. Be2 dxc4 13. Bxc4 b5 14. Be2 Bb7 15. a4
Be4 16. Kf1 Nxc2 17. Rd1 Qxd2 18. Nxd2 Bf5 19. g4 Bh7 20. axb5 axb5 21. Bxb5+
Kd8 22. Rh3 Kc7 23. Bd3 Bxd3+ 24. Rxd3 Nb4 1/2-1/2

[Event "Figueira da Foz 2009"]
[Site "Figueira da Foz"]
[Date "2009.12.01"]
[Round "3.6"]
[White "Bolhari, Orfeh"]
[Black "Paunovic, Dragan"]
[Result "0-1"]
[WhiteElo "2166"]
[BlackElo "2554"]
[PlyCount "96"]
[EventDate "2009.??.??"]

1. e4 c5 2. c4 Nc6 3. Nc3 g6 4. g3 Bg7 5. Bg2 e6 6. Nge2 Nge7 7. d3 d6 8. O-O
O-O 9. Be3 Nd4 10. Qd2 Nec6 11. Bh6 Bxh6 12. Qxh6 Qf6 13. Nxd4 Nxd4 14. Kh1 Bd7
15. Rae1 Bc6 16. f4 Qg7 17. Qh4 f6 18. Rf2 Rae8 19. g4 e5 20. f5 g5 21. Qg3 h5
22. Bh3 h4 23. Qe3 a6 24. Rb1 b5 25. b3 Ra8 26. Bg2 Rfb8 27. Rbb2 Qc7 28. Bf3
b4 29. Ne2 a5 30. Nxd4 exd4 31. Qc1 a4 32. Bd1 Qe7 33. Kg1 Qe5 34. Qd2 Rb7 35.
Qe2 Rba7 36. Qf3 axb3 37. Bxb3 Ba4 38. Rb1 Bxb3 39. axb3 Ra2 40. Qg2 Rxf2 41.
Qxf2 Ra3 42. Qd2 Kg7 43. Kg2 Qf4 44. Qe2 Kf7 45. Rf1 Qe3 46. Qc2 h3+ 47. Kh1
Rxb3 48. Qa2 Ra3 0-1

[Event "Figueira da Foz 2009"]
[Site "Figueira da Foz"]
[Date "2009.12.01"]
[Round "3.7"]
[White "Ferreira, Jorge"]
[Black "Rotstein, Arkadij"]
[Result "0-1"]
[WhiteElo "2272"]
[BlackElo "2550"]
[PlyCount "82"]
[EventDate "2009.??.??"]

1. Nf3 c5 2. c4 Nc6 3. Nc3 e5 4. g3 g6 5. Bg2 Bg7 6. O-O d6 7. Ne1 Be6 8. d3
Nge7 9. a3 O-O 10. Rb1 d5 11. cxd5 Nxd5 12. Nxd5 Bxd5 13. b4 c4 14. Bb2 Rc8 15.
Rc1 b5 16. Bxd5 Qxd5 17. Ng2 Nd4 18. dxc4 bxc4 19. Ne3 Qb5 20. Bc3 Rfd8 21. a4
Qa6 22. b5 Qe6 23. Qe1 f5 24. Ng2 Bh6 25. Rd1 Rd7 26. Nf4 Bxf4 27. gxf4 Nc2 28.
Rxd7 Nxe1 29. Rd2 Nd3 30. exd3 exf4 31. dxc4 Qxc4 32. Be5 Qe4 33. Bd6 Qxa4 34.
Rfd1 g5 35. h4 h6 36. hxg5 hxg5 37. Rd5 Qe4 38. Re5 Qf3 39. Red5 Qg4+ 40. Kf1
Re8 41. R1d3 f3 0-1

[Event "Figueira da Foz 2009"]
[Site "Figueira da Foz"]
[Date "2009.12.01"]
[Round "3.8"]
[White "Pena, Hélio"]
[Black "Padeiro, José"]
[Result "0-1"]
[WhiteElo "1926"]
[BlackElo "2262"]
[PlyCount "80"]
[EventDate "2009.??.??"]

1. e4 c6 2. d4 d5 3. exd5 cxd5 4. Bb5+ Bd7 5. Bxd7+ Nxd7 6. Nf3 Ngf6 7. O-O e6
8. Bf4 Be7 9. Nbd2 O-O 10. c3 b5 11. Ne5 Nxe5 12. Bxe5 Qb6 13. Bxf6 Bxf6 14.
Nf3 b4 15. Qd2 bxc3 16. bxc3 Rab8 17. g3 Rfc8 18. Rac1 Qa5 19. Rc2 Rc7 20. Rfc1
Rbc8 21. Kg2 h6 22. h4 Be7 23. a4 Qxa4 24. Ra2 Qb5 25. Rb2 Qe8 26. Ra2 Bd6 27.
Ng1 Rb7 28. Ne2 Bc7 29. f4 Qb5 30. Kf2 a5 31. Rcc2 Rcb8 32. c4 dxc4 33. Qc3 Qd7
34. Qxc4 Bb6 35. Qa4 Qd5 36. Qc6 Bxd4+ 37. Nxd4 Qxd4+ 38. Kg2 Rb1 39. Rxa5 Rg1+
40. Kh3 Qd3 0-1

[Event "Figueira da Foz 2009"]
[Site "Figueira da Foz"]
[Date "2009.12.01"]
[Round "3.9"]
[White "Felício, Fernando"]
[Black "Costa, João Guerra"]
[Result "0-1"]
[WhiteElo "1916"]
[BlackElo "2205"]
[PlyCount "40"]
[EventDate "2009.??.??"]

1. d4 f5 2. c4 Nf6 3. Nc3 g6 4. Nf3 Bg7 5. e3 d6 6. Bd3 O-O 7. Qc2 Nc6 8. a3 e5
9. Be2 exd4 10. exd4 Kh8 11. Bg5 h6 12. h4 hxg5 13. hxg5+ Nh7 14. O-O-O Kg8 15.
c5 Nxg5 16. Bc4+ Nf7 17. Nh4 Nxd4 18. Qd3 Be6 19. Bxe6 Nxe6 20. Qg3 Qg5+ 0-1

[Event "Figueira da Foz 2009"]
[Site "Figueira da Foz"]
[Date "2009.12.01"]
[Round "3.10"]
[White "Karlovich, Anastasia"]
[Black "Carapeto, Ricardo"]
[Result "1-0"]
[WhiteElo "2201"]
[BlackElo "1894"]
[PlyCount "41"]
[EventDate "2009.??.??"]

1. e4 c6 2. c4 d5 3. exd5 cxd5 4. cxd5 Nf6 5. Nc3 g6 6. Bc4 Bg7 7. Nf3 Nbd7 8.
d3 O-O 9. O-O a6 10. a4 Nb6 11. Qb3 Qd6 12. Be3 Nxc4 13. dxc4 Ng4 14. Ne4 Qc7
15. Bb6 Qf4 16. Rfe1 Ne5 17. Nxe5 Bxe5 18. Ng3 h5 19. Be3 Qf6 20. Bc5 Re8 21.
Qe3 1-0

[Event "Figueira da Foz 2009"]
[Site "Figueira da Foz"]
[Date "2009.12.01"]
[Round "3.11"]
[White "Beltrán, Edda"]
[Black "Kasparova, Tatiana"]
[Result "1/2-1/2"]
[WhiteElo "1870"]
[BlackElo "2191"]
[PlyCount "79"]
[EventDate "2009.??.??"]

1. e4 c6 2. d4 d5 3. f3 e6 4. Be3 b6 5. Bd3 Ba6 6. Ne2 Ne7 7. O-O Bxd3 8. Qxd3
Ng6 9. Nbc3 Be7 10. f4 dxe4 11. Qxe4 O-O 12. f5 exf5 13. Qxf5 Nd7 14. d5 cxd5
15. Nxd5 Bc5 16. Bxc5 Nxc5 17. Rad1 Qe8 18. Nec3 Qe6 19. Qf3 Rad8 20. Rfe1 Qc8
21. Re3 Rde8 22. Rde1 Rxe3 23. Qxe3 Ne6 24. Re2 Qc4 25. b3 Qc6 26. Qe4 Qc5+ 27.
Qe3 Rc8 28. Qxc5 Rxc5 29. Kf2 Kf8 30. Rd2 f5 31. Na4 Rc6 32. c4 Ne5 33. h3 Kf7
34. Nac3 g6 35. Nb4 Rc5 36. Nbd5 Ng5 37. Ke3 Ne6 38. Kf2 Ng5 39. Ke3 Ne6 40.
Ke2 1/2-1/2

[Event "Figueira da Foz 2009"]
[Site "Figueira da Foz"]
[Date "2009.12.01"]
[Round "3.14"]
[White "Cavaleiro, Daniel"]
[Black "Neves, Pedro"]
[Result "0-1"]
[WhiteElo "1856"]
[BlackElo "2075"]
[PlyCount "48"]
[EventDate "2009.??.??"]

1. c4 g6 2. Nc3 Bg7 3. g3 c5 4. Bg2 Nc6 5. e3 e5 6. Nge2 Nge7 7. O-O d6 8. d3
Be6 9. Nd5 O-O 10. Nec3 Rb8 11. Rb1 Qd7 12. f4 exf4 13. Rxf4 f5 14. Rf2 Bf7 15.
Nf4 a6 16. h4 b5 17. Nh3 bxc4 18. d4 cxd4 19. exd4 Bxd4 20. Bh6 Rfe8 21. Ng5
Qa7 22. Kh2 Ne5 23. Nxf7 Kxf7 24. Rd2 Bxc3 0-1

[Event "Figueira da Foz 2009"]
[Site "Figueira da Foz"]
[Date "2009.12.01"]
[Round "3.15"]
[White "Maltez, Nuno"]
[Black "Mendes, Carlos"]
[Result "1-0"]
[WhiteElo "2035"]
[BlackElo "1813"]
[PlyCount "61"]
[EventDate "2009.??.??"]

1. e4 e5 2. Nc3 Nf6 3. f4 d5 4. fxe5 Nxe4 5. Nf3 Nxc3 6. dxc3 Be7 7. Bf4 Bh4+
8. g3 Be7 9. Qe2 Be6 10. O-O-O c6 11. Nd4 g5 12. Nxe6 fxe6 13. Bd2 h5 14. c4
Na6 15. Qd3 Rg8 16. Qh7 Kd7 17. cxd5 cxd5 18. Qxh5 Nc7 19. Bd3 Rh8 20. Qg4 Qg8
21. Rdf1 Re8 22. Qa4+ Kc8 23. Qxa7 Qg7 24. Qe3 Kb8 25. Rf2 Ref8 26. Rhf1 Rxf2
27. Rxf2 Rh6 28. h4 Rh5 29. Be2 g4 30. Bc3 Bf8 31. Bxg4 1-0

[Event "Figueira da Foz 2009"]
[Site "Figueira da Foz"]
[Date "2009.12.01"]
[Round "3.16"]
[White "Durão, Joaquim"]
[Black "Aguiar, Henrique"]
[Result "1-0"]
[WhiteElo "2029"]
[BlackElo "1745"]
[PlyCount "79"]
[EventDate "2009.??.??"]

1. e4 c5 2. Nf3 e6 3. d4 cxd4 4. Nxd4 a6 5. Bd3 Qc7 6. Be3 Nf6 7. f4 d6 8. a4
Be7 9. Nc3 b6 10. Qf3 Bb7 11. O-O Nbd7 12. Rad1 O-O 13. Qh3 Nc5 14. Bf2 Nxd3
15. cxd3 Rac8 16. e5 dxe5 17. fxe5 Nd7 18. Nxe6 fxe6 19. Qxe6+ Rf7 20. Bd4 Rcf8
21. Rxf7 Rxf7 22. Rf1 Nxe5 23. Bxe5 Bc5+ 24. d4 Qe7 25. Qxf7+ Qxf7 26. Rxf7
Bxd4+ 27. Bxd4 Kxf7 28. Bxb6 g6 29. Kf2 Ke6 30. Bd4 Kf5 31. b4 Ke6 32. g4 Bc8
33. h4 Kd6 34. Kg3 Bd7 35. Kf4 h6 36. Ne4+ Ke7 37. Nc5 Bc6 38. Ke5 Bf3 39. Nxa6
Bxg4 40. Be3 1-0

[Event "Figueira da Foz 2009"]
[Site "Figueira da Foz"]
[Date "2009.12.01"]
[Round "3.18"]
[White "Brandauer, Dorit"]
[Black "Curado, António Mendes"]
[Result "1-0"]
[WhiteElo "1840"]
[BlackElo "1730"]
[PlyCount "59"]
[EventDate "2009.??.??"]

1. Nf3 Nf6 2. g3 d6 3. Bg2 Nbd7 4. O-O c6 5. d3 Qc7 6. Nc3 e5 7. e4 Be7 8. Qe2
h6 9. Nh4 Nf8 10. Nf5 Bxf5 11. exf5 g6 12. f4 gxf5 13. fxe5 dxe5 14. Rxf5 Ng6
15. Be3 O-O-O 16. Raf1 Kb8 17. Rxf6 Bxf6 18. Rxf6 Qe7 19. Qf2 Rd7 20. Bxa7+ Ka8
21. Na4 Rd4 22. Bxd4 exd4 23. Nb6+ Kb8 24. Rxf7 Qe3 25. Qxe3 dxe3 26. Nd7+ Ka8
27. Be4 Re8 28. Kf1 Ne5 29. Nxe5 Rxe5 30. Ke2 1-0

[Event "Figueira da Foz 2009"]
[Site "Figueira da Foz"]
[Date "2009.12.01"]
[Round "4.2"]
[White "Paunovic, Dragan"]
[Black "Campora, Daniel"]
[Result "1/2-1/2"]
[WhiteElo "2554"]
[BlackElo "2488"]
[PlyCount "50"]
[EventDate "2009.??.??"]

1. Nf3 d5 2. d4 c6 3. e3 Bg4 4. c4 Bxf3 5. Qxf3 Nf6 6. Bd3 e6 7. O-O Be7 8. Nc3
O-O 9. Rd1 Nbd7 10. e4 dxe4 11. Nxe4 Nxe4 12. Qxe4 Nf6 13. Qf3 Re8 14. b3 Qa5
15. a3 Rad8 16. Bb2 Qh5 17. Be2 Qxf3 18. Bxf3 Rd7 19. Bc1 Red8 20. Be3 a6 21.
Kf1 g6 22. b4 h5 23. h3 Kg7 24. Rab1 Rc8 25. Bf4 Rcd8 1/2-1/2

[Event "Figueira da Foz 2009"]
[Site "Figueira da Foz"]
[Date "2009.12.01"]
[Round "4.3"]
[White "Rotstein, Arkadij"]
[Black "Petkov, Vladimir"]
[Result "0-1"]
[WhiteElo "2550"]
[BlackElo "2477"]
[PlyCount "106"]
[EventDate "2009.??.??"]

1. Nf3 Nf6 2. g3 d5 3. Bg2 Bg4 4. O-O Nbd7 5. d4 e6 6. Nbd2 Be7 7. Re1 c5 8.
Ne5 Bh5 9. Nxd7 Qxd7 10. Nf3 O-O 11. Ne5 Qc7 12. Bf4 Bd6 13. c3 Rfc8 14. Rc1
cxd4 15. cxd4 Qb6 16. Nd3 Bxf4 17. Nxf4 Qxb2 18. Nxh5 Nxh5 19. Rxc8+ Rxc8 20.
e4 Nf6 21. exd5 exd5 22. a4 g6 23. h3 Rc2 24. Qf3 Qxd4 25. Re7 Rc3 26. Qe2 Rxg3
27. Rxb7 Ne4 28. Rd7 a5 29. Re7 Rg5 30. h4 Rh5 31. Bxe4 dxe4 32. Rxe4 Qf6 33.
Qg4 Kg7 34. Qf4 Qxf4 35. Rxf4 Rc5 36. Kg2 Kh6 37. Kg3 Rc3+ 38. f3 Ra3 39. Re4
f5 40. Rd4 Kh5 41. Rd1 h6 42. Rd4 Ra1 43. Rc4 Rg1+ 44. Kf2 Ra1 45. Rc5 Kxh4 46.
Rxa5 Ra2+ 47. Ke3 Kg3 48. Ra6 g5 49. Rxh6 Ra3+ 50. Ke2 Rxf3 51. a5 Ra3 52. a6
f4 53. Rb6 g4 0-1

[Event "Figueira da Foz 2009"]
[Site "Figueira da Foz"]
[Date "2009.12.01"]
[Round "4.4"]
[White "Dias, Paulo"]
[Black "Romanishin, Oleg"]
[Result "1/2-1/2"]
[WhiteElo "2391"]
[BlackElo "2510"]
[PlyCount "29"]
[EventDate "2009.??.??"]

1. d4 Nf6 2. Nf3 e6 3. c4 b6 4. g3 Bb4+ 5. Nbd2 a5 6. Bg2 Ba6 7. O-O d5 8. Qa4+
c6 9. cxd5 exd5 10. a3 Bxd2 11. Nxd2 O-O 12. Re1 Ra7 13. e4 dxe4 14. Nxe4 Nd5
15. Bg5 1/2-1/2

[Event "Figueira da Foz 2009"]
[Site "Figueira da Foz"]
[Date "2009.12.01"]
[Round "4.5"]
[White "Todorov, Todor"]
[Black "Galego, Luis"]
[Result "1/2-1/2"]
[WhiteElo "2496"]
[BlackElo "2446"]
[PlyCount "27"]
[EventDate "2009.??.??"]

1. e4 c5 2. Nf3 e6 3. b3 Nc6 4. Bb2 d6 5. g3 Nf6 6. Qe2 e5 7. Bg2 g6 8. c3 Bg7
9. O-O O-O 10. d3 Re8 11. a3 a5 12. a4 d5 13. Nbd2 h6 14. Rfe1 1/2-1/2

[Event "Figueira da Foz 2009"]
[Site "Figueira da Foz"]
[Date "2009.12.01"]
[Round "4.7"]
[White "Costa, João Guerra"]
[Black "Diogo, Vasco"]
[Result "1/2-1/2"]
[WhiteElo "2205"]
[BlackElo "2316"]
[PlyCount "95"]
[EventDate "2009.??.??"]

1. e4 d5 2. exd5 Qxd5 3. Nc3 Qa5 4. d4 c6 5. Nf3 Nf6 6. Bd2 Bf5 7. Bc4 e6 8.
O-O Bb4 9. a3 Bxc3 10. Bxc3 Qc7 11. h3 Nbd7 12. Bd3 Bxd3 13. Qxd3 O-O 14. b3
Rad8 15. Bb2 Rfe8 16. Qe2 Qf4 17. Rfe1 Nf8 18. Rad1 Ng6 19. Ne5 Nd5 20. c4 Nb6
21. Rd3 Qh4 22. Rf3 Nxe5 23. Qxe5 Rd7 24. Rg3 f6 25. Qa5 Qf4 26. Rge3 Rde7 27.
Qxa7 Nc8 28. Qa5 Qd6 29. Qh5 g6 30. Qh4 Rf7 31. Qg4 Ree7 32. b4 Qd7 33. f4 Nd6
34. Qe2 b5 35. cxb5 cxb5 36. d5 Nf5 37. Bxf6 Nxe3 38. Qxe3 Qxd5 39. Bxe7 Rxe7
40. Qc5 Rd7 41. Qxd5 exd5 42. Kf2 Kf7 43. Rd1 Ke6 44. Ke3 Rc7 45. Kd3 Ra7 46.
Ra1 Kd6 47. g3 h6 48. h4 1/2-1/2

[Event "Figueira da Foz 2009"]
[Site "Figueira da Foz"]
[Date "2009.12.01"]
[Round "4.8"]
[White "Padeiro, José"]
[Black "Leite, Catarina"]
[Result "1-0"]
[WhiteElo "2262"]
[BlackElo "2188"]
[PlyCount "147"]
[EventDate "2009.??.??"]

1. d4 Nf6 2. c4 g6 3. Nc3 Bg7 4. e4 d6 5. Bd3 e5 6. d5 O-O 7. Nge2 Nh5 8. O-O
f5 9. exf5 gxf5 10. f4 e4 11. Bc2 Nd7 12. Be3 Ndf6 13. h3 Kh8 14. Qe1 Ne8 15.
Nd4 Qf6 16. Bd1 Qg6 17. Bxh5 Qxh5 18. Nce2 Rg8 19. Rc1 Bf6 20. Kh2 Bd7 21. b4
Qf7 22. Nc2 b5 23. Bd4 bxc4 24. Qc3 Rb8 25. Ne3 Rg6 26. a3 h6 27. Bxf6+ Nxf6
28. Nd4 Rbg8 29. Rg1 Rg3 30. Ne2 R3g7 31. Qd4 Kh7 32. a4 Qg6 33. b5 Nh5 34. g3
Bc8 35. Rxc4 a6 36. Rc3 axb5 37. axb5 Nf6 38. Rgc1 Ne8 39. Ng2 Bd7 40. Rb1 Qh5
41. Rc2 Qf7 42. b6 cxb6 43. Rxb6 Qh5 44. Rb7 Qf3 45. Nh4 Qd3 46. Rd2 Qxd4 47.
Nxd4 Rf8 48. Ra2 Nf6 49. Nhxf5 Bxf5 50. Rxg7+ Kxg7 51. Nxf5+ Kg6 52. Nxd6 e3
53. Kg2 Rd8 54. Ra6 Kg7 55. Nf5+ Kf7 56. Nxe3 h5 57. Ra5 Ne4 58. Kf3 Nd2+ 59.
Kg2 Re8 60. Ra3 Kf6 61. Rd3 Ne4 62. Kf3 Nd6 63. g4 Kg6 64. Rc3 hxg4+ 65. hxg4
Ne4 66. Rc6+ Kf7 67. Re6 Nf6 68. Rxe8 Nxe8 69. f5 Nd6 70. Kf4 Ke7 71. g5 Ne8
72. Ke5 Kf7 73. d6 Ng7 74. d7 1-0

[Event "Figueira da Foz 2009"]
[Site "Figueira da Foz"]
[Date "2009.12.01"]
[Round "4.9"]
[White "Galvão, Henrique"]
[Black "Redondo, Graciela"]
[Result "1/2-1/2"]
[WhiteElo "2219"]
[BlackElo "2077"]
[PlyCount "121"]
[EventDate "2009.??.??"]

1. e4 e6 2. d4 d5 3. c4 dxe4 4. Nc3 Nf6 5. Be3 Nbd7 6. Qa4 Be7 7. Be2 O-O 8.
O-O-O c6 9. g4 b5 10. Qc2 bxc4 11. h4 Qa5 12. Bxc4 Ba6 13. Bxa6 Qxa6 14. Qe2
Qxe2 15. Ngxe2 Nxg4 16. Nxe4 Nxe3 17. fxe3 c5 18. d5 exd5 19. Rxd5 Nf6 20.
Nxf6+ Bxf6 21. Rxc5 Rac8 22. Rc2 Rxc2+ 23. Kxc2 Re8 24. Rh3 h5 25. Nf4 Re5 26.
b3 Ra5 27. Kd3 Rxa2 28. Nxh5 Be7 29. Nf4 Rb2 30. Kc4 Rc2+ 31. Kd3 Rc5 32. Kd4
Rc1 33. Nd5 Bd6 34. h5 Kh7 35. Rf3 f6 36. Rf5 Kh6 37. Ke4 Be5 38. Kd3 Rh1 39.
Ne7 Rb1 40. Kc4 Rc1+ 41. Kb5 Rc3 42. b4 Rxe3 43. Nc6 Bc7 44. Nxa7 Re5+ 45. Rxe5
Bxe5 46. Nc6 Bd6 47. Kc4 Kxh5 48. b5 g5 49. Kd3 Bc5 50. Nd4 g4 51. Nf5 Kg5 52.
Ke4 Bb6 53. Ne3 Ba7 54. Nf5 Bc5 55. Ne3 g3 56. b6 g2 57. Nxg2 Bxb6 58. Kf3 Bc5
59. Nf4 Ba7 60. Nd5 f5 61. Ne7 1/2-1/2

[Event "Figueira da Foz 2009"]
[Site "Figueira da Foz"]
[Date "2009.12.01"]
[Round "4.11"]
[White "Dzhumaev, Marat"]
[Black "Maltez, Nuno"]
[Result "1-0"]
[WhiteElo "2528"]
[BlackElo "2035"]
[PlyCount "75"]
[EventDate "2009.??.??"]

1. e4 e5 2. Nf3 Nc6 3. Bc4 Nf6 4. d3 Be7 5. Bb3 O-O 6. c3 d5 7. Nbd2 dxe4 8.
dxe4 Bc5 9. Qe2 Qe7 10. Nc4 Bd7 11. Bg5 h6 12. Bh4 b5 13. Ne3 Bxe3 14. Qxe3 Na5
15. Nd2 Bc6 16. Bc2 Rfe8 17. b4 Nb7 18. O-O g5 19. Bxg5 hxg5 20. Qxg5+ Kh8 21.
Qh6+ Kg8 22. f4 Bd7 23. Bb3 Ng4 24. Qg6+ Kh8 25. Qh5+ Kg7 26. f5 Nf6 27. Qg5+
Kh8 28. Qh4+ Nh7 29. f6 Qf8 30. Rf3 Nd8 31. Rg3 Ne6 32. Rf1 c5 33. Bxe6 Bxe6
34. Nf3 cxb4 35. Ng5 Qg8 36. Nxe6 Rxe6 37. Rxg8+ Rxg8 38. Rf3 1-0

[Event "Figueira da Foz 2009"]
[Site "Figueira da Foz"]
[Date "2009.12.01"]
[Round "4.12"]
[White "Kasparova, Tatiana"]
[Black "Durão, Joaquim"]
[Result "0-1"]
[WhiteElo "2191"]
[BlackElo "2029"]
[PlyCount "82"]
[EventDate "2009.??.??"]

1. e4 e5 2. Nf3 Nc6 3. Bb5 a6 4. Bxc6 dxc6 5. O-O f6 6. d4 exd4 7. Nxd4 c5 8.
Ne2 Qxd1 9. Rxd1 Bd7 10. Nbc3 O-O-O 11. Be3 Bd6 12. Rd2 Ne7 13. Rad1 b6 14. Bf4
Be5 15. Bg3 Be6 16. Bxe5 fxe5 17. f3 Nc6 18. Nd5 Rd7 19. c3 Rhd8 20. Kf2 Kb7
21. Ke3 a5 22. Nc1 a4 23. b3 axb3 24. axb3 Na5 25. c4 c6 26. Nc3 Rd4 27. N3e2
Bxc4 28. Nxd4 cxd4+ 29. Kf2 Bxb3 30. Nxb3 Nxb3 31. Rb2 Nc5 32. Ke2 Na4 33. Rb3
Ra8 34. Rd2 c5 35. Kd3 Kc6 36. Ra2 b5 37. Rba3 c4+ 38. Kd2 Kc5 39. g3 Kb4 40.
f4 c3+ 41. Kc2 d3+ 0-1

[Event "Figueira da Foz 2009"]
[Site "Figueira da Foz"]
[Date "2009.12.01"]
[Round "4.14"]
[White "Babo, Miguel"]
[Black "Beltrán, Edda"]
[Result "0-1"]
[WhiteElo "1947"]
[BlackElo "1870"]
[PlyCount "75"]
[EventDate "2009.??.??"]

1. d4 Nf6 2. Nf3 c5 3. g3 cxd4 4. Nxd4 d5 5. Nf3 Nc6 6. Bg2 e5 7. O-O Be7 8. b3
O-O 9. Bb2 Qc7 10. a3 Bf5 11. Nh4 Be6 12. Nd2 Rfd8 13. Qc1 Rac8 14. c4 dxc4 15.
Nxc4 Nd4 16. Bxd4 exd4 17. Qb2 b5 18. Nd2 Qc2 19. Qxc2 Rxc2 20. Rfd1 Nd5 21.
Bxd5 Bxd5 22. Nhf3 Bf6 23. Ne1 d3 24. e4 Be6 25. Rab1 Bc3 26. Ndf3 Bg4 27. h3
Bxf3 28. Nxf3 d2 29. Kf1 f6 30. Ng1 Re8 31. f3 a5 32. Ke2 Rd8 33. Kf1 Bb2 34.
a4 b4 35. Ne2 Rd3 36. Kf2 Bc3 37. Nd4 Bxd4+ 38. Ke2 0-1

[Event "Figueira da Foz 2009"]
[Site "Figueira da Foz"]
[Date "2009.12.01"]
[Round "4.17"]
[White "Carapeto, Ricardo"]
[Black "Brandauer, Dorit"]
[Result "1/2-1/2"]
[WhiteElo "1894"]
[BlackElo "1840"]
[PlyCount "32"]
[EventDate "2009.??.??"]

1. e4 e5 2. Nf3 Nf6 3. Nxe5 d6 4. Nf3 Nxe4 5. Qe2 Qe7 6. d3 Nf6 7. Bg5 Qxe2+ 8.
Bxe2 Be7 9. Nc3 c6 10. O-O Na6 11. Rfe1 Nc7 12. Nd4 Ne6 13. Nxe6 Bxe6 14. d4
Kd7 15. Bd3 h6 16. Bxf6 Bxf6 1/2-1/2

[Event "Figueira da Foz 2009"]
[Site "Figueira da Foz"]
[Date "2009.12.01"]
[Round "4.20"]
[White "Mendes, Carlos"]
[Black "Aguiar, Henrique"]
[Result "0-1"]
[WhiteElo "1813"]
[BlackElo "1745"]
[PlyCount "128"]
[EventDate "2009.??.??"]

1. e4 c5 2. c3 d5 3. exd5 Qxd5 4. d4 Nf6 5. Nf3 Bg4 6. Be2 e6 7. O-O Be7 8. Be3
Nbd7 9. dxc5 Qxd1 10. Rxd1 Nxc5 11. h3 Bxf3 12. Bxf3 O-O 13. Bg5 Rfd8 14. Na3
Nd3 15. Rd2 Ne5 16. Rxd8+ Rxd8 17. Be2 Bc5 18. b4 Be7 19. Rd1 Rxd1+ 20. Bxd1 h6
21. Bf4 Nd3 22. Bd2 a5 23. Nc2 axb4 24. cxb4 Ne4 25. Be3 Nxb4 26. Nxb4 Bxb4 27.
Bc2 Nc3 28. Bb3 Kf8 29. Kf1 Ke7 30. Bd4 f6 31. a3 Ba5 32. Bc5+ Kf7 33. f3 b6
34. Be3 Ke7 35. Kf2 Kd6 36. Kg3 Nd5 37. Bc1 Be1+ 38. Kg4 Ke7 39. Bc2 f5+ 40.
Bxf5 Nf6+ 41. Kf4 g5+ 42. Ke3 exf5 43. Kd4 Kd6 44. Kc4 Bf2 45. Bb2 Nd5 46. g4
fxg4 47. hxg4 Bg3 48. Bg7 Be5 49. Bxh6 Bf6 50. Bf8+ Ne7 51. Kb5 Ke6 52. Kxb6
Kf7 53. Bxe7 Kxe7 54. Kc5 Ke6 55. a4 Ke5 56. a5 Kf4 57. a6 Ke3 58. Kd5 Bd4 59.
f4 gxf4 60. g5 f3 61. g6 f2 62. a7 f1=Q 63. g7 Bxg7 64. a8=Q Qh1+ 0-1

[Event "Figueira da Foz 2009"]
[Site "Figueira da Foz"]
[Date "2009.12.01"]
[Round "4.21"]
[White "Rato, Eduardo"]
[Black "Pais, Bruno"]
[Result "1-0"]
[WhiteElo "1787"]
[BlackElo "1712"]
[PlyCount "65"]
[EventDate "2009.??.??"]

1. e4 c5 2. Bc4 e6 3. c3 a6 4. Nf3 b5 5. Bb3 c4 6. Bc2 Bb7 7. Qe2 Nc6 8. O-O
Bc5 9. b3 cxb3 10. axb3 Nge7 11. d4 Bb6 12. Bg5 f6 13. Bf4 Ng6 14. Bg3 Nce7 15.
c4 bxc4 16. bxc4 O-O 17. Nbd2 Bc7 18. Rfb1 Qc8 19. Nb3 f5 20. Bxc7 Qxc7 21. Nc5
Rfb8 22. Nd2 Bc8 23. exf5 exf5 24. Bb3 Qc6 25. Nd3 d6 26. h4 Nxh4 27. d5 Qc7
28. Nf4 Nhg6 29. Ne6 Bxe6 30. Qxe6+ Kf8 31. Nf3 h6 32. Nd4 f4 33. Qxg6 1-0

[Event "Figueira da Foz 2009"]
[Site "Figueira da Foz"]
[Date "2009.12.02"]
[Round "5.4"]
[White "Romanishin, Oleg"]
[Black "Todorov, Todor"]
[Result "1-0"]
[WhiteElo "2510"]
[BlackElo "2496"]
[PlyCount "45"]
[EventDate "2009.??.??"]

1. d4 g6 2. Nf3 Bg7 3. g3 d6 4. Bg2 e5 5. dxe5 dxe5 6. Qxd8+ Kxd8 7. Ng5 Nh6 8.
Na3 f6 9. Ne4 Nf7 10. Bd2 c6 11. O-O-O Kc7 12. Ba5+ b6 13. Bb4 Be6 14. Be7 f5
15. Nd6 Nxd6 16. Bxd6+ Kb7 17. Bxb8 Raxb8 18. Rd6 Bc8 19. Bxc6+ Ka6 20. Nb5 Ka5
21. a3 e4 22. Rd5 a6 23. Nd6+ 1-0